Colegios científicos costarricenses: una experiencia educativa /
Uloženo v:
| Hlavní autor: | |
|---|---|
| Další autoři: | , |
| Médium: | Text |
| Tagy: |
Přidat tag
Žádné tagy, Buďte první, kdo vytvoří štítek k tomuto záznamu!
|
MARC
| LEADER | 00000 a a2200000 04500 | ||
|---|---|---|---|
| 001 | 17384 | ||
| 003 | |||
| 040 | |||
| 100 | |a Mainieri H, Aída | ||
| 245 | |a Colegios científicos costarricenses: |b una experiencia educativa / |c Aída Mainieri H ; Eduardo Minero T ; Leda Roldán S | ||
| 700 | |a Minero T, Eduardo | ||
| 700 | |a Roldán S, Leda | ||
| 773 | |g número 4; páginas 365-419 | ||
| 999 | |c 38349 |d 38349 | ||
